书目信息 |
| 题名: |
基础英语
|
|
| 作者: | 要德霖 主编 | |
| 分册: | 第一册 | |
| 出版信息: | 上海 华东师范大学出版社 1990 |
|
| 页数: | 274页 | |
| 开本: | 19cm | |
| 丛书名: | ||
| 单 册: | ||
| 中图分类: | H31 | |
| 科图分类: | ||
| 主题词: | 英语--高等学校--教材 | |
| 电子资源: | ||
| ISBN: | 7-5617-0491-7 | |
| 000 | 00738nam0 2200241 45 | |
| 001 | 0181006087 | |
| 005 | 20070619170541.96 | |
| 010 | @a7-5617-0491-7@dCNY6.20 | |
| 100 | @a19950602d1990 em y0chiy0121 ea | |
| 101 | 0 | @achi |
| 102 | @aCN@b110000 | |
| 102 | @aCN@b310000 | |
| 105 | @ay j 000yy | |
| 200 | 10 | @a基础英语@Aji chu ying yu@EHan Shou Zi Xue Zhi Dao Shu@h第一册@f要德霖主编@Fyao de lin zhu bian |
| 210 | @a上海@c华东师范大学出版社@d1990@h1995 | |
| 215 | @a274页@d19cm | |
| 300 | @a高等师范专科学校教材 | |
| 606 | @a英语@x高等学校@x教材 | |
| 690 | @aH31@v3 | |
| 701 | 0 | @a要德霖@Ayao de lin@4主编 |
| 801 | 2 | @aCN@bNLC@c20070619 |
| 801 | 0 | @aCN@b上海图书馆@c20040509 |
| 905 | @dH31@e1088:1@f2@b156849-850@f2@b144767-768 | |
| 基础英语.第一册/要德霖主编.-上海:华东师范大学出版社,1990(1995) |
| 274页;19cm |
| 高等师范专科学校教材 |
| ISBN 7-5617-0491-7:CNY6.20 |
| ● |
| 相关链接 |
|
|
|
|
正题名:基础英语
索取号:H31/1088:1
 
预约/预借
| 序号 | 登录号 | 条形码 | 馆藏地/架位号 | 状态 | 备注 |
| 1 | 0654873 | 206548734 | 第二样本阅览室/ [索取号:H31/1088:1] | 在馆 |